000 00667nam a2200277Ia 4500
005 20260324124350.0
008 008 260324s9999 xx 000 0 eng d
020 _a9781315785219
037 _aEBOOK
040 _aCRL
040 _beng
040 _cCRL
041 _2eng
041 _aeng
084 _qCRL
100 _aMartin J. Ball; Nicole Muller; Ben Rutter
_91173872
245 0 _aPhonology for Communication Disorders
260 _bTaylor and Francis
260 _c2010
365 _a
365 _b230
856 _uhttp://www.taylorfrancis.com/books/9781315785219
942 _cEBOOK
999 _c1768188
_d1768188